Komentár k novele zákona NR SR č. 277 o zdravotnej starostlivosti

Podrobná bibliografia
Hlavný autor: Škodler, Ondrej (Autor)
Médium: Článok
Jazyk:slovenčina
ISSN:1335-4477
Predmet:

MARC

LEADER 00000nab a2200000 a 4500
001 vtls000834417
003 SK-MaSNL
005 20260304231833.0
008 140303c2003 xo 0 slo
015 |a SNBRB2003/05-14140 
035 |a CLN000186072 
040 |a SNKBUCL  |b slo  |c SNKBUCL  |e AACR2 
041 0 |a slo 
044 |a xo  |c SK 
080 |a 614.2:340.133  |2 1997 
100 1 |a Škodler, Ondrej  |4 aut  |9 845572 
245 1 0 |a Komentár k novele zákona NR SR č. 277 o zdravotnej starostlivosti  |c Ondrej Škodler 
650 0 7 |a zdravotná starostlivosť  |2 snkbucl  |9 1303 
650 0 7 |a zákony  |2 snkbucl  |9 1156 
655 7 |a články z novín a časopisov  |2 snkbucl  |9 267496 
773 0 |t Zdravotnícke noviny  |g Roč. 8, č. 15 (2003), s. 10-14  |x 1335-4477 
850 |a Slovenská národná knižnica v Martine 
852 |a SNK  |b KIS3GCP 
958 |a MI 
958 |a SK 
992 |a RBX 
999 |c 3190713  |d 3192643